[Event "C.to Europeo U16 femminile"]
[Site "Fermo ITA"]
[Date "2009.09.09"]
[Round "9"]
[White "Turkova, Karolina"]
[Black "Johannsdottir, Johanna Bjorg"]
[Result "1-0"]
[WhiteElo "1787"]
[BlackElo "1721"]
[PlyCount "39"]
[EventDate "2009.08.31"]

1. e4 c5 2. Nf3 e6 3. d4 cxd4 4. Nxd4 a6 5. Nc3 Qc7 6. Bd3 Nf6 7. O-O b5 8. Qe2
d6 9. a4 b4 10. Na2 d5 11. exd5 Nxd5 12. Bc4 Nb6 13. Bb3 Bd6 14. a5 N6d7 15.
Nxe6 fxe6 16. Qxe6+ Be7 17. Re1 Nc5 18. Qf7+ Kd8 19. Bf4 Bd6 20. Bg5+ 1-0

[Event "C.to Europeo U18"]
[Site "Fermo ITA"]
[Date "2009.08.31"]
[Round "1"]
[White "Albano, Axel"]
[Black "Smola, Michal"]
[Result "0-1"]
[WhiteElo "1524"]
[BlackElo "2231"]
[PlyCount "108"]
[EventDate "2009.08.31"]

1. d4 d6 2. Nf3 Nf6 3. Bf4 g6 4. e3 Bg7 5. Be2 O-O 6. O-O c5 7. c3 Qb6 8. Qc2
Bf5 9. Qc1 Rc8 10. Nbd2 cxd4 11. exd4 Nd5 12. Nc4 Nxf4 13. Qxf4 Qc7 14. Ne3 e5
15. dxe5 dxe5 16. Qc4 Be6 17. Qxc7 Rxc7 18. Ng5 Bc8 19. Rfd1 Nc6 20. Bc4 h6 21.
Ne4 Be6 22. Bxe6 fxe6 23. Nc5 Kf7 24. Rd6 Bf8 25. Rd7+ Rxd7 26. Nxd7 Bd6 27.
Nc4 Bc7 28. Nc5 b6 29. Ne4 Rd8 30. Ne3 Ne7 31. Rd1 Nd5 32. c4 Nb4 33. Rxd8 Bxd8
34. a3 Nd3 35. b3 Be7 36. b4 h5 37. Nc2 a5 38. bxa5 bxa5 39. Kf1 Ke8 40. Ke2
Nb2 41. c5 Kd7 42. Ne3 Kc6 43. Kd2 Bxc5 44. Nxc5 Kxc5 45. Kc3 Na4+ 46. Kb3 Nb6
47. g3 Kd4 48. Ng2 g5 49. Ne3 Kd3 50. a4 Ke2 51. Nc4 Nxc4 52. Kxc4 Kxf2 53. Kb5
e4 54. Kxa5 e3 0-1

[Event "C.to Europeo U18"]
[Site "Fermo ITA"]
[Date "2009.08.31"]
[Round "1"]
[White "Biryukov, Mikhail"]
[Black "Rasulov, Vugar Ural Oglu"]
[Result "0-1"]
[WhiteElo "2187"]
[BlackElo "2482"]
[PlyCount "86"]
[EventDate "2009.08.31"]

1. e4 c5 2. Nf3 e6 3. d4 cxd4 4. Nxd4 Nc6 5. Nb5 d6 6. c4 Nf6 7. N1c3 a6 8. Nd4
Be7 9. Be2 O-O 10. O-O Qc7 11. Nxc6 Qxc6 12. Qd3 Nd7 13. b3 b6 14. Be3 Bb7 15.
f3 Qc7 16. Rac1 Rac8 17. Rfd1 Rfd8 18. Qd2 h6 19. Bf1 Qb8 20. Qf2 Bc6 21. Rc2
Bf6 22. Ne2 Nc5 23. Nf4 Be5 24. Nd3 Bf6 25. Nxc5 dxc5 26. Rcd2 h5 27. g3 a5 28.
Bg2 Qc7 29. a4 Rxd2 30. Rxd2 Rd8 31. Rxd8+ Qxd8 32. Qd2 Bd4 33. Qf2 e5 34. h4
Qd7 35. Qd2 Bxa4 36. bxa4 Qxa4 37. Bxd4 exd4 38. Qg5 Qc2 39. Kf1 d3 40. Qd8+
Kh7 41. Bh3 Qd2 42. Bf5+ g6 43. Bxg6+ Kg7 0-1

[Event "C.to Europeo U18"]
[Site "Fermo ITA"]
[Date "2009.08.31"]
[Round "1"]
[White "Bulanov, Dmitri"]
[Black "Hohluks, Aleksandrs"]
[Result "1-0"]
[WhiteElo "2393"]
[BlackElo "2085"]
[PlyCount "109"]
[EventDate "2009.08.31"]

1. e4 c5 2. Nf3 a6 3. Nc3 e6 4. d4 cxd4 5. Nxd4 Qc7 6. Be2 b5 7. O-O Bb7 8. Bf3
d6 9. Re1 Be7 10. a4 bxa4 11. Rxa4 Nd7 12. Bg4 Ngf6 13. Bxe6 Nc5 14. Rc4 fxe6
15. b4 Qd7 16. bxc5 dxc5 17. Nb3 Qxd1 18. Rxd1 Bc6 19. e5 Nd7 20. Rg4 g5 21. f4
O-O-O 22. Na5 Ba8 23. Nc4 Kc7 24. fxg5 Rhf8 25. g6 hxg6 26. Rxg6 Rg8 27. Rxg8
Rxg8 28. g3 Bc6 29. Bf4 Nf8 30. Kf2 Ng6 31. Ne2 Rh8 32. h4 Bb5 33. Ne3 a5 34.
c4 Bc6 35. Nc2 Rh5 36. Ne3 Kc8 37. Ng4 a4 38. Ke3 Rh8 39. Nf2 Rh5 40. Nd3 Rh8
41. Nc3 Rd8 42. Ra1 Kc7 43. h5 Nf8 44. Nxa4 Ra8 45. Ndb2 Nd7 46. Ra2 Rh8 47. h6
Bf8 48. Nd3 Bxh6 49. Naxc5 Bxf4+ 50. gxf4 Rh3+ 51. Kd4 Nxc5 52. Nxc5 Rf3 53.
Nxe6+ Kd7 54. Nc5+ Kc7 55. Nd3 1-0

[Event "C.to Europeo U18"]
[Site "Fermo ITA"]
[Date "2009.08.31"]
[Round "1"]
[White "Casanova, Fernando"]
[Black "Leniart, Arkadiusz"]
[Result "0-1"]
[WhiteElo "2059"]
[BlackElo "2390"]
[PlyCount "60"]
[EventDate "2009.08.31"]

1. c4 e5 2. Nc3 Nc6 3. g3 g6 4. Bg2 Bg7 5. e3 d6 6. Nge2 h5 7. h3 h4 8. g4 f5
9. gxf5 Bxf5 10. d3 Qd7 11. Ne4 Nf6 12. Nxf6+ Bxf6 13. Nc3 O-O 14. Nd5 Bd8 15.
Rg1 Kh7 16. e4 Bxh3 17. Qd2 g5 18. Bxh3 Qxh3 19. Qd1 Kh6 20. Ne3 Nd4 21. Qg4
Nf3+ 22. Kd1 Nxg1 23. Qxg1 Qf3+ 24. Ke1 Kh5 25. b4 g4 26. Rb1 Bg5 27. Rb2 Bxe3
28. Bxe3 g3 29. fxg3 Qxg3+ 30. Qxg3 hxg3 0-1

[Event "C.to Europeo U18"]
[Site "Fermo ITA"]
[Date "2009.08.31"]
[Round "1"]
[White "Chirila, Ioan-Cristian"]
[Black "Ketzetzis, Georgios"]
[Result "1-0"]
[WhiteElo "2526"]
[BlackElo "2222"]
[PlyCount "71"]
[EventDate "2009.08.31"]

1. e4 c6 2. d4 d5 3. e5 Bf5 4. Nf3 e6 5. Be2 Ne7 6. O-O Bg6 7. Nbd2 Nf5 8. Nb3
Bh5 9. Ne1 Bxe2 10. Qxe2 Qb6 11. Be3 Nd7 12. Nd3 Be7 13. f4 h5 14. a4 a5 15.
Bf2 g6 16. g3 Qa6 17. Kg2 b6 18. Nd2 c5 19. c3 Kf8 20. h3 Kg7 21. Rh1 cxd4 22.
cxd4 Nh6 23. Kf3 Rhf8 24. g4 f6 25. exf6+ Bxf6 26. Kg3 Rae8 27. Nf3 Be7 28.
Rac1 Bd6 29. Rc6 hxg4 30. hxg4 Nf6 31. Ng5 e5 32. dxe5 Nfxg4 33. Rxd6 Nf5+ 34.
Kxg4 Nxd6 35. Bd4 Nf5 36. e6+ 1-0

[Event "C.to Europeo U18"]
[Site "Fermo ITA"]
[Date "2009.08.31"]
[Round "1"]
[White "De Schampheleire, Glen"]
[Black "Alonso Rosell, Alvar"]
[Result "0-1"]
[WhiteElo "2156"]
[BlackElo "2461"]
[PlyCount "112"]
[EventDate "2009.08.31"]

1. d4 Nf6 2. c4 e6 3. g3 c5 4. Nf3 cxd4 5. Nxd4 Nc6 6. Bg2 Qb6 7. Nb5 Ne5 8.
Be3 Bc5 9. Bxc5 Qxc5 10. Qd6 Qxd6 11. Nxd6+ Ke7 12. Nxc8+ Raxc8 13. b3 Rc7 14.
Na3 a6 15. f4 Ng6 16. O-O d6 17. Rfd1 Rb8 18. Rac1 h5 19. Nc2 h4 20. Nd4 hxg3
21. hxg3 Rbc8 22. a4 Nf8 23. Rb1 N8d7 24. Bf3 g5 25. Kf2 Rg8 26. Ke3 Nc5 27.
Rd2 a5 28. Nb5 Rd7 29. Nc3 Rdd8 30. b4 axb4 31. Rxb4 gxf4+ 32. gxf4 Rg3 33. Kf2
Rdg8 34. Rdb2 Rh3 35. Rxb7+ Nxb7 36. Rxb7+ Nd7 37. Ne4 Rh2+ 38. Ke3 Rb8 39. Ra7
f5 40. Nc3 Rc8 41. Kd3 Rh4 42. e3 Rh3 43. Bd1 Rhh8 44. Bf3 Rh3 45. Bd1 Kd8 46.
Nb5 Nc5+ 47. Kd4 Rc6 48. Ra8+ Ke7 49. Ra7+ Kf6 50. Nc7 Rh8 51. Bf3 Rb6 52. Nb5
Rh3 53. Ba8 Nb3+ 54. Kd3 e5 55. Nc7 Nc5+ 56. Kc2 Rh2+ 0-1

[Event "C.to Europeo U18"]
[Site "Fermo ITA"]
[Date "2009.08.31"]
[Round "1"]
[White "Della Mora, David"]
[Black "Garnelis, Julius"]
[Result "0-1"]
[WhiteElo "1665"]
[BlackElo "2228"]
[PlyCount "52"]
[EventDate "2009.08.31"]

1. d4 d5 2. c4 e6 3. Nc3 c6 4. Nf3 dxc4 5. e4 b5 6. a4 Bb4 7. axb5 cxb5 8. Ne5
Nf6 9. Bg5 Bb7 10. f3 Nbd7 11. Ng4 Qb6 12. Nxf6+ Nxf6 13. Bd2 O-O 14. e5 Nd5
15. Nxd5 Bxd2+ 16. Qxd2 Bxd5 17. Be2 b4 18. O-O Rfc8 19. Rfc1 a5 20. Rc2 a4 21.
Rac1 c3 22. bxc3 b3 23. Rb1 a3 24. c4 a2 25. Ra1 bxc2 26. c5 Qb1+ 0-1

[Event "C.to Europeo U18"]
[Site "Fermo ITA"]
[Date "2009.08.31"]
[Round "1"]
[White "Gallucci, Alessio"]
[Black "Giacchetti, Lorenzo"]
[Result "1-0"]
[WhiteElo "2240"]
[BlackElo "1818"]
[PlyCount "45"]
[EventDate "2009.08.31"]

1. e4 c5 2. Nf3 Nc6 3. d4 cxd4 4. Nxd4 Nf6 5. Nc3 e5 6. Ndb5 d6 7. Bg5 a6 8.
Bxf6 gxf6 9. Na3 b5 10. Nd5 Be6 11. c3 Bg7 12. Nc2 f5 13. a4 bxa4 14. Rxa4 a5
15. Bb5 Rc8 16. Rc4 Bd7 17. Nce3 fxe4 18. Qa4 Nb8 19. Rxc8 Qxc8 20. Nf5 Qc5 21.
Bxd7+ Nxd7 22. Nxg7+ Kf8 23. Nf5 1-0

[Event "C.to Europeo U18"]
[Site "Fermo ITA"]
[Date "2009.08.31"]
[Round "1"]
[White "Georgescu, Tiberiu-Marian"]
[Black "Gonzalez Laso, Adrian"]
[Result "1-0"]
[WhiteElo "2382"]
[BlackElo "2059"]
[PlyCount "60"]
[EventDate "2009.08.31"]

1. d4 Nf6 2. c4 c5 3. d5 b5 4. cxb5 a6 5. Nc3 axb5 6. e4 b4 7. Nb5 d6 8. Bf4 g5
9. Bxg5 Nxe4 10. Bf4 Qa5 11. Bd3 b3+ 12. Kf1 Ba6 13. axb3 Qb6 14. Qe2 Nxf2 15.
Kxf2 c4+ 16. Be3 Qxb5 17. Bxc4 Qb7 18. Nf3 Bg7 19. Nd4 Bxc4 20. bxc4 Nd7 21.
Nf5 Be5 22. Rhf1 Rb8 23. Rab1 O-O 24. Kg1 Kh8 25. b4 Bf6 26. Rf3 Rg8 27. Kh1
Rbc8 28. Rh3 Rg6 29. Qh5 Nf8 30. Bh6 Kg8 1-0

[Event "C.to Europeo U18"]
[Site "Fermo ITA"]
[Date "2009.08.31"]
[Round "1"]
[White "Gevorgyan, David"]
[Black "Dvornicen, Ivan"]
[Result "1-0"]
[WhiteElo "2274"]
[BlackElo "1859"]
[PlyCount "35"]
[EventDate "2009.08.31"]

1. Nf3 d5 2. d4 Nf6 3. c4 c6 4. Nc3 a6 5. c5 Bf5 6. Qb3 Qc8 7. h3 h6 8. Bf4
Nbd7 9. e3 g5 10. Bh2 Bg7 11. Na4 O-O 12. Ne5 Qd8 13. Bd3 Qa5+ 14. Qc3 Qxa4 15.
Bxf5 Nxe5 16. Bxe5 Ne4 17. Bxe4 Bxe5 18. Bc2 1-0

[Event "C.to Europeo U18"]
[Site "Fermo ITA"]
[Date "2009.08.31"]
[Round "1"]
[White "Glibstrup, Jakob"]
[Black "Janev, Tihomir"]
[Result "0-1"]
[WhiteElo "1978"]
[BlackElo "2322"]
[PlyCount "132"]
[EventDate "2009.08.31"]

1. e4 Nf6 2. e5 Nd5 3. c4 Nb6 4. d4 d6 5. f4 g6 6. Be3 Bg7 7. Nc3 O-O 8. Nf3
dxe5 9. dxe5 Be6 10. b3 Nc6 11. Nb5 Qc8 12. Nbd4 Rd8 13. Qc2 Nxd4 14. Nxd4 f6
15. Nxe6 Qxe6 16. Bd3 fxe5 17. f5 Qf6 18. O-O g5 19. Be4 c6 20. Qf2 Rd4 21.
Bxd4 exd4 22. Bd3 Nd7 23. Kh1 Qh6 24. Rad1 Rf8 25. Qg3 Be5 26. Qh3 Rf6 27. Rf3
Qg7 28. Qg4 h5 29. Qxh5 g4 30. Rff1 Nf8 31. Be2 g3 32. h3 Nh7 33. Qg4 Ng5 34.
h4 Rh6 35. Kg1 Nh7 36. Qxg7+ Kxg7 37. h5 Nf6 38. Rfe1 Bf4 39. Bf3 Be3+ 40. Rxe3
dxe3 41. Re1 Nxh5 42. Rxe3 Kf7 43. Bg4 Rh7 44. Rd3 a5 45. Kf1 Kf6 46. Re3 Nf4
47. Rxg3 Rh1+ 48. Kf2 Ra1 49. Ke3 Ke5 50. Bf3 Rxa2 51. Rg4 Rb2 52. Bd1 Nxg2+
53. Kf3 Ne1+ 54. Ke3 Nc2+ 55. Kd3 Nb4+ 56. Ke3 Rb1 57. Kd2 Kxf5 58. Rd4 e5 59.
Rd7 Ke4 60. Bc2+ Nxc2 61. Kxc2 Rh1 62. Rxb7 Ke3 63. Ra7 e4 64. Rxa5 Ke2 65. Rc5
Rh6 66. b4 e3 0-1

[Event "C.to Europeo U18"]
[Site "Fermo ITA"]
[Date "2009.08.31"]
[Round "1"]
[White "Goumas, Georgios"]
[Black "Zupec, Jan"]
[Result "1-0"]
[WhiteElo "2315"]
[BlackElo "1976"]
[PlyCount "39"]
[EventDate "2009.08.31"]

1. Nf3 Nf6 2. c4 e6 3. e3 d5 4. b3 g6 5. Bb2 Bg7 6. Qc2 Nbd7 7. d4 O-O 8. Nbd2
c6 9. Bd3 Re8 10. h3 a5 11. a3 Re7 12. O-O h6 13. Rfd1 Nh7 14. e4 dxe4 15. Nxe4
f5 16. Ned2 c5 17. dxc5 Nxc5 18. Bxg7 Nxd3 19. b4 Rxg7 20. Nd4 1-0

[Event "C.to Europeo U18"]
[Site "Fermo ITA"]
[Date "2009.08.31"]
[Round "1"]
[White "Herman, Jean"]
[Black "Anton, Teodor"]
[Result "1/2-1/2"]
[WhiteElo "2050"]
[BlackElo "2379"]
[PlyCount "92"]
[EventDate "2009.08.31"]

1. d4 Nf6 2. c4 e6 3. Nf3 c5 4. Nc3 cxd4 5. Nxd4 b6 6. f3 Bb7 7. e4 d6 8. Be2
a6 9. O-O Nbd7 10. Be3 Be7 11. Qd2 O-O 12. Rfd1 Rc8 13. Kh1 Re8 14. Nc2 Qc7 15.
Bf2 Bf8 16. Ne3 Ne5 17. Rac1 Kh8 18. Na4 Bc6 19. Nc3 Bb7 20. Na4 Bc6 21. Nc3
Qb8 22. Qd4 Ng6 23. Nf1 Nd7 24. Bg3 Nde5 25. f4 Nd7 26. Bf3 e5 27. fxe5 Ndxe5
28. Ne3 Bd7 29. Be2 Be6 30. b3 Red8 31. Ncd5 Rc5 32. h4 Ne7 33. Nf4 N7c6 34.
Qd2 Ne7 35. Qd4 Rcc8 36. h5 g6 37. Bh4 Bg7 38. h6 Bxh6 39. Nxe6 N7c6 40. Qc3
fxe6 41. Bxd8 Rxd8 42. Rf1 Qb7 43. Rcd1 Bg7 44. Qe1 Qe7 45. Qg3 h5 46. Rd2 Bh6
1/2-1/2

[Event "C.to Europeo U18"]
[Site "Fermo ITA"]
[Date "2009.08.31"]
[Round "1"]
[White "Holvason, Juri"]
[Black "Rombaldoni, Axel"]
[Result "0-1"]
[WhiteElo "2118"]
[BlackElo "2425"]
[PlyCount "62"]
[EventDate "2009.08.31"]

1. e4 c5 2. Nf3 Nc6 3. d4 cxd4 4. Nxd4 e5 5. Nb5 d6 6. c4 Be7 7. N1c3 a6 8. Na3
Be6 9. Nc2 Rc8 10. b3 Nf6 11. Be2 O-O 12. O-O Nd7 13. Be3 Kh8 14. Qd2 f5 15.
exf5 Bxf5 16. Rad1 Nf6 17. f3 d5 18. cxd5 Bxc2 19. Qxc2 Nd4 20. Rxd4 exd4 21.
Bxd4 Nxd5 22. Qb2 Nxc3 23. Bxc3 Bf6 24. Bxf6 Rxf6 25. Qe5 Qb6+ 26. Kh1 Re6 27.
Qf5 g6 28. Qd3 Qd6 29. a4 Qe5 30. Qd7 Rc7 31. f4 Qxe2 0-1

[Event "C.to Europeo U18"]
[Site "Fermo ITA"]
[Date "2009.08.31"]
[Round "1"]
[White "Hookham, Jamie"]
[Black "Sivuk, Vitaly"]
[Result "0-1"]
[WhiteElo "1997"]
[BlackElo "2346"]
[PlyCount "84"]
[EventDate "2009.08.31"]

1. e4 c5 2. d4 cxd4 3. c3 Nf6 4. e5 Nd5 5. Nf3 e6 6. cxd4 b6 7. Nc3 Bb7 8. Bd3
Nxc3 9. bxc3 Qc7 10. Bd2 d6 11. O-O Nd7 12. exd6 Bxd6 13. Re1 h6 14. c4 O-O 15.
h3 Rfe8 16. Bc3 Rac8 17. Nd2 Nf6 18. d5 e5 19. Rc1 Re7 20. Qf3 Rf8 21. g4 Bc8
22. Kh1 Nd7 23. Ne4 Nc5 24. Nxc5 Qxc5 25. Rg1 f6 26. Bd2 Bd7 27. Be3 Qc8 28.
Qg2 Kh8 29. h4 Qe8 30. f3 f5 31. Rcf1 Qf7 32. Qc2 Ree8 33. g5 Qh5 34. Qh2 Bb8
35. f4 Qf7 36. fxe5 Bxe5 37. Bf4 Bxf4 38. Qxf4 Qh5 39. Re1 Rxe1 40. Rxe1 hxg5
41. Qxg5 Qf3+ 42. Kh2 Qf2+ 0-1

[Event "C.to Europeo U18"]
[Site "Fermo ITA"]
[Date "2009.08.31"]
[Round "1"]
[White "Janse, Rasmus"]
[Black "Benidze, Davit"]
[Result "0-1"]
[WhiteElo "2127"]
[BlackElo "2437"]
[PlyCount "66"]
[EventDate "2009.08.31"]

1. d4 Nf6 2. c4 e6 3. Nc3 Bb4 4. e3 O-O 5. Nf3 b6 6. Bd3 Bb7 7. O-O c5 8. a3
Bxc3 9. bxc3 d6 10. Qc2 Bxf3 11. gxf3 Nc6 12. Kh1 Rc8 13. Rg1 cxd4 14. exd4 Kh8
15. Rg3 Nh5 16. Rh3 g6 17. Bh6 Rg8 18. Rg1 f5 19. d5 Ne5 20. dxe6 Qf6 21. Bg5
Qxe6 22. Bxf5 gxf5 23. Rxh5 Nxf3 24. Qd3 Nxg1 25. Qd4+ Rg7 26. Bf6 Nf3 27.
Bxg7+ Kg8 28. Qf6 Qe1+ 29. Kg2 Qg1+ 30. Kxf3 Qg4+ 31. Ke3 Re8+ 32. Kd2 Re2+ 33.
Kc1 Qg1# 0-1

[Event "C.to Europeo U18"]
[Site "Fermo ITA"]
[Date "2009.08.31"]
[Round "1"]
[White "Jendrichovsky, Peter"]
[Black "Krejci, Jan"]
[Result "0-1"]
[WhiteElo "2147"]
[BlackElo "2453"]
[PlyCount "72"]
[EventDate "2009.08.31"]

1. c4 Nf6 2. Nc3 e5 3. g3 Bb4 4. Bg2 O-O 5. Nf3 Nc6 6. O-O e4 7. Ng5 Bxc3 8.
bxc3 Re8 9. d3 exd3 10. exd3 d6 11. Ne4 h6 12. Re1 Bf5 13. Rb1 Bxe4 14. dxe4
Nd7 15. Rxb7 Nb6 16. e5 Nxe5 17. c5 dxc5 18. Qxd8 Raxd8 19. Be3 Na4 20. Rxa7
Nxc3 21. Rxc7 c4 22. Ra1 Nb5 23. Rc5 Na3 24. Bf1 Nc2 25. Rb1 Nxe3 26. fxe3 Rd2
27. Bxc4 Nf3+ 28. Kf1 Nxh2+ 29. Ke1 Nf3+ 30. Kf1 Rxe3 31. Rc8+ Kh7 32. Bxf7
Nh2+ 33. Kg1 Rxg3+ 34. Kh1 Ng4 35. Bg8+ Kg6 36. Rc6+ Kg5 0-1

[Event "C.to Europeo U18"]
[Site "Fermo ITA"]
[Date "2009.08.31"]
[Round "1"]
[White "Karaoulanis, Dimitrios"]
[Black "Varga, David"]
[Result "0-1"]
[WhiteElo "1898"]
[BlackElo "2285"]
[PlyCount "58"]
[EventDate "2009.08.31"]

1. e4 e6 2. d4 d5 3. exd5 exd5 4. Bd3 c5 5. dxc5 Bxc5 6. Nf3 Nf6 7. O-O O-O 8.
h3 Nc6 9. Nbd2 Bb6 10. Nb3 Ne4 11. Bf4 Qf6 12. Qc1 h6 13. c3 g5 14. Be3 Bxh3
15. Bxb6 axb6 16. Bxe4 dxe4 17. Nfd4 Bg4 18. Qe3 Rfe8 19. Nb5 Re5 20. Qxb6 Ra6
21. Qxb7 Nd8 22. Qb8 Rb6 23. Qa8 Rbxb5 24. c4 Rb4 25. c5 Kg7 26. Rac1 Nc6 27.
Rc2 Re7 28. Rd2 Ra7 29. Qe8 Qe6 0-1

[Event "C.to Europeo U18"]
[Site "Fermo ITA"]
[Date "2009.08.31"]
[Round "1"]
[White "Kleijn, Christov"]
[Black "Rocks, Daniel"]
[Result "1-0"]
[WhiteElo "2377"]
[BlackElo "2037"]
[PlyCount "163"]
[EventDate "2009.08.31"]

1. e4 e5 2. Nf3 Nc6 3. Bb5 a6 4. Ba4 Nf6 5. O-O Be7 6. Re1 b5 7. Bb3 d6 8. c3
O-O 9. h3 Na5 10. Bc2 c5 11. d4 Nd7 12. d5 Nb7 13. Nbd2 g6 14. Nf1 Bf6 15. g4
Nb6 16. Ng3 Bg7 17. b3 Bd7 18. Bg5 f6 19. Be3 Nc8 20. Kh2 Ne7 21. Qd2 Qc8 22.
Nh4 Nd8 23. b4 c4 24. a4 Nf7 25. Ra2 Qb7 26. Rea1 Rfb8 27. Ng2 Nc8 28. a5 Nb6
29. f4 Nc8 30. f5 g5 31. h4 h6 32. Rh1 Ne7 33. Kg1 gxh4 34. Nxh4 Ng5 35. Kf2
Kf7 36. Rh2 Rh8 37. Ra1 Rag8 38. Rah1 Kf8 39. Nf3 Be8 40. Rh4 Bf7 41. R1h2 Ke8
42. Qd1 Kd7 43. Qh1 Qa8 44. Nd2 Qf8 45. Bb6 Kc8 46. Bd1 Kb7 47. Be2 Nc8 48. Be3
Qe8 49. Qf1 Na7 50. Kg1 Qd7 51. Kh1 Rc8 52. Qf2 Ka8 53. Bxg5 hxg5 54. Rh7 Rxh7
55. Rxh7 Rh8 56. Rxh8+ Bxh8 57. Qb6 Be8 58. Qxa6 Qc7 59. Ngf1 Kb8 60. Ne3 Bd7
61. Kg2 Bg7 62. Kf2 Bf8 63. Ke1 Be7 64. Ndxc4 bxc4 65. Qxc4 Qb7 66. Qb3 Bd8 67.
Nc4 Bc7 68. Kd2 Bb5 69. Qd1 Qa6 70. Na3 Bxe2 71. Qxe2 Qb7 72. Qh2 Nb5 73. Qh8+
Ka7 74. Nc4 Ka6 75. Kc2 Ka7 76. Qxf6 Nd4+ 77. Kd3 Nb3 78. Qe7 Nc5+ 79. bxc5
Qb1+ 80. Ke2 Qa2+ 81. Nd2 Qxa5 82. cxd6 1-0

[Event "C.to Europeo U18"]
[Site "Fermo ITA"]
[Date "2009.08.31"]
[Round "1"]
[White "Kopylov, Alexander A."]
[Black "Torres Ventosa, Pedro Eugenio"]
[Result "1-0"]
[WhiteElo "2442"]
[BlackElo "2135"]
[PlyCount "103"]
[EventDate "2009.08.31"]

1. d4 Nf6 2. Nf3 g6 3. g3 Bg7 4. Bg2 O-O 5. O-O d5 6. c4 c6 7. Qb3 Qb6 8. Nc3
dxc4 9. Qxc4 Be6 10. Qa4 Rd8 11. e4 Bg4 12. Be3 Qxb2 13. Rfc1 Qb6 14. Rab1 Qc7
15. Qb3 Bxf3 16. Bxf3 b6 17. e5 Ne8 18. Nd5 Qd7 19. Nb4 Qf5 20. Kg2 Nc7 21.
Nxc6 Nxc6 22. Rxc6 Qd7 23. Rbc1 Nd5 24. Bxd5 Qxd5+ 25. Qxd5 Rxd5 26. Rc8+ Rd8
27. Rxd8+ Rxd8 28. Rc7 e6 29. Rxa7 Rb8 30. a4 h5 31. Kf3 Bf8 32. Ke4 Kg7 33.
Bg5 Bb4 34. Kd3 Be1 35. d5 exd5 36. e6 Rf8 37. Rd7 Re8 38. exf7 Rf8 39. Be3
Rxf7 40. Rxf7+ Kxf7 41. Bxb6 Ke6 42. a5 Kd6 43. a6 Kc6 44. a7 Kb7 45. Bc5 Ka8
46. f4 h4 47. gxh4 Bxh4 48. Kd4 Bd8 49. Kxd5 Bc7 50. Be3 Kb7 51. Ke6 Bd8 52.
Kf7 1-0

[Event "C.to Europeo U18"]
[Site "Fermo ITA"]
[Date "2009.08.31"]
[Round "1"]
[White "Kourousis, Epaminondas"]
[Black "Attuati, Stefano"]
[Result "1-0"]
[WhiteElo "2237"]
[BlackElo "1776"]
[PlyCount "95"]
[EventDate "2009.08.31"]

1. d4 e6 2. c4 f5 3. Nf3 Nf6 4. g3 d5 5. Bg2 c6 6. O-O Bd6 7. b3 Qe7 8. Bb2 O-O
9. Qc1 Ne4 10. Ba3 Bxa3 11. Qxa3 Qd8 12. Qb2 Bd7 13. Ne5 Be8 14. Nd2 Bh5 15.
Nxe4 fxe4 16. f3 exf3 17. exf3 Nd7 18. Rae1 Rf6 19. f4 Nxe5 20. Rxe5 Bg6 21. c5
Qd7 22. Qe2 Re8 23. Qe3 Qd8 24. g4 Qd7 25. b4 a6 26. a4 Qf7 27. Bh3 Qd7 28. g5
Rf5 29. Bxf5 Bxf5 30. Re1 Rf8 31. Kg2 Qf7 32. h4 Qh5 33. Qg3 Be4+ 34. Kf2 Qf7
35. Ke3 Bc2 36. Kd2 Bxa4 37. f5 exf5 38. Re7 Qg6 39. Qf4 Qh5 40. Qe5 Qg6 41.
Qe6+ Qxe6 42. R1xe6 Rf7 43. Ke3 g6 44. Kf4 Kf8 45. Re8+ Kg7 46. R6e7 Rxe7 47.
Rxe7+ Kg8 48. Rxb7 1-0

[Event "C.to Europeo U18"]
[Site "Fermo ITA"]
[Date "2009.08.31"]
[Round "1"]
[White "Lobo, Richard A."]
[Black "Graf, Felix"]
[Result "1/2-1/2"]
[WhiteElo "1920"]
[BlackElo "2291"]
[PlyCount "90"]
[EventDate "2009.08.31"]

1. e4 e6 2. d4 d5 3. Nd2 Nf6 4. e5 Nfd7 5. Ngf3 c5 6. c3 b6 7. Qa4 Be7 8. Bd3
O-O 9. O-O a5 10. Re1 Qc7 11. Nf1 cxd4 12. cxd4 Ba6 13. Bxa6 Nxa6 14. Bd2 Rfc8
15. Rac1 Qb7 16. Qb5 Nb4 17. a3 Nc6 18. Ne3 Na7 19. Qd3 Rxc1 20. Rxc1 Rc8 21.
Re1 Bf8 22. g3 Rc7 23. Ng2 Qc6 24. Rc1 Qb5 25. Qxb5 Rxc1+ 26. Bxc1 Nxb5 27. Nf4
a4 28. Kf1 g5 29. Ne2 g4 30. Ne1 f6 31. Nd3 Be7 32. Bf4 Kf7 33. Kg2 f5 34. Bd2
Nb8 35. Kf1 Nc6 36. Be3 h6 37. h4 gxh3 38. Kg1 Bg5 39. Kh2 Bxe3 40. fxe3 Na5
41. Nf2 Nc4 42. Nd1 Nc7 43. Kxh3 b5 44. Nec3 Kg6 45. Kh4 Nd2 1/2-1/2

[Event "C.to Europeo U18"]
[Site "Fermo ITA"]
[Date "2009.08.31"]
[Round "1"]
[White "MacGregor, Ian Ross"]
[Black "Mordechai, Hanan"]
[Result "0-1"]
[WhiteElo "1854"]
[BlackElo "2263"]
[PlyCount "42"]
[EventDate "2009.08.31"]

1. d4 Nf6 2. Nf3 g6 3. Bf4 Bg7 4. e3 O-O 5. c4 c5 6. Nc3 cxd4 7. exd4 d6 8. Be2
Nbd7 9. O-O b6 10. b4 Bb7 11. a4 Re8 12. Qb3 e5 13. dxe5 dxe5 14. Bg5 h6 15.
Bxf6 Qxf6 16. Rac1 e4 17. Nd2 Qf4 18. Rcd1 e3 19. Nf3 Bxf3 20. Bxf3 exf2+ 21.
Kh1 Be5 0-1

[Event "C.to Europeo U18"]
[Site "Fermo ITA"]
[Date "2009.08.31"]
[Round "1"]
[White "Mammadov, Ayaz Arzu Oglu"]
[Black "Vukcevic, Nemanja"]
[Result "1-0"]
[WhiteElo "2331"]
[BlackElo "1996"]
[PlyCount "61"]
[EventDate "2009.08.31"]

1. e4 c5 2. Nf3 d6 3. d4 cxd4 4. Nxd4 Nf6 5. Nc3 a6 6. Bg5 e6 7. f4 Qb6 8. Nb3
Be7 9. Qf3 Nbd7 10. Bd3 O-O 11. O-O-O Qc7 12. g4 b5 13. e5 Bb7 14. Qh3 dxe5 15.
Bxf6 Nxf6 16. g5 e4 17. gxf6 Qxf4+ 18. Nd2 exd3 19. fxe7 Rfe8 20. Rhf1 Qd6 21.
Nde4 Qxe7 22. Rxd3 f5 23. Nd6 Red8 24. Nxb7 Qxb7 25. Re1 b4 26. Nd1 Qc6 27.
Rxd8+ Rxd8 28. Qe3 Kf7 29. Nf2 Qc4 30. b3 Qc6 31. Nd3 1-0

[Event "C.to Europeo U18"]
[Site "Fermo ITA"]
[Date "2009.08.31"]
[Round "1"]
[White "Massoni, Michael"]
[Black "Palazzotto, Giuseppe"]
[Result "1/2-1/2"]
[WhiteElo "2291"]
[BlackElo "1920"]
[PlyCount "73"]
[EventDate "2009.08.31"]

1. e4 c5 2. Nf3 Nc6 3. c3 d5 4. exd5 Qxd5 5. d4 e5 6. dxe5 Qxd1+ 7. Kxd1 Bg4 8.
Bf4 Nge7 9. Be2 Ng6 10. Bg3 O-O-O+ 11. Nbd2 Bxf3 12. Bxf3 Ngxe5 13. Be2 g6 14.
Kc2 f5 15. Bf4 Be7 16. Nc4 Bf6 17. Rad1 Nxc4 18. Bxc4 Be5 19. Be3 Bd6 20. Bg5
Be7 21. Bf4 Rxd1 22. Rxd1 Nd8 23. Be5 Rf8 24. f4 a6 25. a4 Re8 26. Rd3 Bf8 27.
Rh3 Re7 28. b3 Rd7 29. Bg8 h6 30. Rg3 g5 31. fxg5 hxg5 32. Rxg5 Bh6 33. Rxf5
Rd2+ 34. Kb1 Rd1+ 35. Kc2 Rd2+ 36. Kb1 Rd1+ 37. Kc2 1/2-1/2

[Event "C.to Europeo U18"]
[Site "Fermo ITA"]
[Date "2009.08.31"]
[Round "1"]
[White "Mereu, Matteo"]
[Black "Ponizil, Cyril"]
[Result "0-1"]
[WhiteElo "1964"]
[BlackElo "2314"]
[PlyCount "42"]
[EventDate "2009.08.31"]

1. e4 c5 2. Nf3 Nc6 3. b4 cxb4 4. a3 e5 5. Bc4 Nf6 6. Ng5 d5 7. exd5 Nd4 8. d6
Qxd6 9. d3 Bg4 10. Bxf7+ Ke7 11. f3 h6 12. fxg4 hxg5 13. Bb3 e4 14. Be3 Rd8 15.
axb4 Qg3+ 16. Bf2 Qxg2 17. Rf1 Nf3+ 18. Ke2 Nxg4 19. Rxa7 Rxh2 20. Rxb7+ Kf6
21. Nd2 Qxf2+ 0-1

[Event "C.to Europeo U18"]
[Site "Fermo ITA"]
[Date "2009.08.31"]
[Round "1"]
[White "Omarsson, Dadi"]
[Black "Cabrera Trujillo, Jorge Juan"]
[Result "1/2-1/2"]
[WhiteElo "2091"]
[BlackElo "2410"]
[PlyCount "82"]
[EventDate "2009.08.31"]

1. e4 c5 2. Nf3 d6 3. d4 cxd4 4. Nxd4 Nf6 5. Nc3 a6 6. Bg5 e6 7. f4 Qc7 8. Bxf6
gxf6 9. Qd2 Nc6 10. Nb3 Bd7 11. O-O-O O-O-O 12. Be2 h5 13. Rhf1 Kb8 14. Kb1 Be7
15. Rf3 Rdg8 16. Bf1 Na5 17. Qf2 Nxb3 18. axb3 Qa5 19. Qd4 Rc8 20. b4 Qc7 21.
Rd2 b5 22. e5 d5 23. exf6 Bf8 24. Na2 Bd6 25. Nc1 Qa7 26. Nd3 Rh6 27. Qxa7+
Kxa7 28. Re3 Rxf6 29. g3 h4 30. Ne5 Be8 31. c3 hxg3 32. hxg3 Rh6 33. Bd3 Rh1+
34. Ka2 Bc7 35. Ree2 f6 36. Ng6 Bd7 37. Rh2 Rxh2 38. Rxh2 e5 39. fxe5 fxe5 40.
Rh7 Rd8 41. Nxe5 Bxe5 1/2-1/2